Identifikácia a rozpoznávanie správania sa vodiča
Gespeichert in:
| 1. Verfasser: | |
|---|---|
| Weitere Verfasser: | |
| Format: | Manuskript Buch |
| Sprache: | Slowakisch |
| Veröffentlicht: |
2020
|
| Schlagworte: | |
| Online-Zugang: | http://is.stuba.sk/zp/portal_zp.pl?podrobnosti=142079 |
| Tags: |
Keine Tags, Fügen Sie das erste Tag hinzu!
|
MARC
| LEADER | 00000ntm a22000003a 4500 | ||
|---|---|---|---|
| 001 | stuzp80589 | ||
| 003 | SK-STU | ||
| 005 | 20200620211910.5 | ||
| 007 | ta | ||
| 008 | 150427s2015----xo-----f-mn---000-0-slo-d | ||
| 040 | |a STU |b slo | ||
| 041 | 0 | |a slo | |
| 100 | 1 | |a Marinčič, Jakub |u 070400 |4 aut |U FIIT Fakulta informatiky a informačných technológií |T FIIT Ústav počítačového inžinierstva a aplikovanej informatiky |X 92088 |U I400 |Y 672 |7 92088 | |
| 242 | 0 | 1 | |a Identification and recognition of the driver’s behavior |y eng |
| 245 | 1 | 0 | |a Identifikácia a rozpoznávanie správania sa vodiča |
| 260 | |c 2020 | ||
| 650 | 4 | |a Funtoro |2 slo | |
| 650 | 4 | |a Python |2 slo | |
| 650 | 4 | |a Android |2 slo | |
| 650 | 4 | |a OpenCV |2 slo | |
| 650 | 4 | |a Detekcia objektov |2 slo | |
| 650 | 4 | |a Android |2 eng | |
| 650 | 4 | |a OpenCV |2 eng | |
| 650 | 4 | |a Object detection |2 eng | |
| 650 | 4 | |a Python |2 eng | |
| 650 | 4 | |a Funtoro |2 eng | |
| 700 | 1 | |a Kunštár, Vladimír |u 070400 |k Z3 |4 ths |U FIIT Fakulta informatiky a informačných technológií |T FIIT Ústav počítačového inžinierstva a aplikovanej informatiky |X 64527 |U I400 |Y 672 |7 A000064527 | |
| 856 | 4 | |u http://is.stuba.sk/zp/portal_zp.pl?podrobnosti=142079 | |